| 000 | 00475nam a2200169Ia 4500 | ||
|---|---|---|---|
| 008 | 151021s9999 xx 000 0 und d | ||
| 020 | _a130805599 | ||
| 050 | _aTK5105.888 .T39 1999 | ||
| 245 | _a_Core Java web server Chris Taylor | ||
| 260 | _aNew Jersey Prentice hall 1999 | ||
| 300 | _axxiii,593p.;ill | ||
| 500 | _aIncludes index. | ||
| 500 | _aIncludes index. | ||
| 650 | _a_Java Web Server | ||
| 700 | _a_Tim Kimmet | ||
| 980 | _a^d20130524 12:58:54^oanne | ||
| 999 |
_c13708 _d13708 |
||